[Event "Novokuznetsk op"]
[Site "Novokuznetsk"]
[Date "2008.11.30"]
[Round "5"]
[White "Medvedev, Emelian"]
[Black "Bodak, Artem"]
[Result "0-1"]
[WhiteElo "2046"]
[BlackElo "1905"]
[PlyCount "70"]
[EventDate "2008.11.22"]
[EventType "swiss"]
[EventRounds "9"]
[EventCountry "RUS"]
[SourceTitle "CBM 127 Extra"]
[Source "ChessBase"]
[SourceDate "2009.01.08"]
[SourceVersion "2"]
[SourceVersionDate "2009.01.28"]
[SourceQuality "1"]

1. Nf3 Nf6 2. c4 g6 3. g3 Bg7 4. Bg2 0-0 5. Nc3 d6 6. d4 c6 7. 0-0 Qa5 8. Bd2 Qa6 9. b3 Rd8 10. e4 Nbd7 11. Re1 e5 12. d5 Nc5 13. Qc2 Qb6 14. Be3 Qc7 15. b4 Ncd7 16. Rad1 Ng4 17. Qd2 Nxe3 18. fxe3 Nf6 19. Qd3 Qb6 20. a3 Ne8 21. h3 Bd7 22. g4 Rac8 23. Na4 Qa6 24. Qb3 cxd5 25. b5 dxc4 26. bxa6 cxb3 27. Nb2 bxa6 28. Bf1 Rc2 29. Rd2 Bc6 30. Bd3 Rc3 31. Red1 Nf6 32. Bxa6 Nxe4 33. Rd3 Rxd3 34. Rxd3 Nc5 35. Bc4 Nxd3 0-1

[Event "Sibiria Region-ch"]
[Site "Novokuznetsk"]
[Date "2008.03.21"]
[Round "9"]
[White "Bodak, Artem"]
[Black "Lykov, Vasili"]
[Result "1/2-1/2"]
[WhiteElo "1731"]
[BlackElo "2164"]
[PlyCount "120"]
[EventDate "2008.03.13"]
[EventType "swiss"]
[EventRounds "9"]
[EventCountry "RUS"]
[SourceTitle "CBM 123 Extra"]
[Source "ChessBase"]
[SourceDate "2008.05.06"]
[SourceVersion "1"]
[SourceVersionDate "2008.05.06"]
[SourceQuality "1"]

1. e4 e5 2. Nf3 Nc6 3. Bb5 a6 4. Ba4 Nf6 5. Qe2 b5 6. Bb3 Be7 7. 0-0 0-0 8. c3 d6 9. Rd1 Na5 10. Bc2 c5 11. d4 Qc7 12. h3 cxd4 13. cxd4 Bb7 14. d5 Rfc8 15. Ne1 Nc4 16. b3 Nb6 17. Be3 Nbd7 18. Nd2 Qd8 19. Nf1 g6 20. Ng3 Kg7 21. Rac1 Ng8 22. Qd2 h6 23. Kh1 Bg5 24. f4 exf4 25. Bxf4 Ne5 26. Nf3 Nxf3 27. gxf3 Bxf4 28. Qxf4 Qg5 29. Ne2 Qxf4 30. Nxf4 Rc3 31. Kg2 Rac8 32. Rd2 b4 33. Ne2 R3c5 34. Nd4 Nf6 35. Rf1 Rc3 36. Bd3 Nh5 37. f4 Rc1 38. Rff2 R8c3 39. Ne2 Re1 40. Nxc3 bxc3 41. Rc2 f5 42. Rxc3 fxe4 43. Bxe4 Rxe4 44. Rc7+ Kf6 45. Rxb7 Rd4 46. Rb6 Nxf4+ 47. Rxf4+ Rxf4 48. Rxd6+ Kf5 49. Rxa6 Rd4 50. d6 g5 51. Rb6 Kf4 52. Rc6 Rd2+ 53. Kf1 Rxa2 54. Rc3 Rd2 55. Rc6 Ke5 56. b4 Rxd6 57. Rxd6 Kxd6 58. Kf2 h5 59. Kf3 Kd5 60. b5 Kc5 1/2-1/2

[Event "Sibiria Region-ch"]
[Site "Novokuznetsk"]
[Date "2008.03.15"]
[Round "3"]
[White "Bodak, Artem"]
[Black "Tilicheev, Viacheslav"]
[Result "0-1"]
[WhiteElo "1731"]
[BlackElo "2137"]
[PlyCount "78"]
[EventDate "2008.03.13"]
[EventType "swiss"]
[EventRounds "9"]
[EventCountry "RUS"]
[SourceTitle "CBM 123 Extra"]
[Source "ChessBase"]
[SourceDate "2008.05.06"]
[SourceVersion "1"]
[SourceVersionDate "2008.05.06"]
[SourceQuality "1"]

1. e4 e5 2. Nf3 Nc6 3. Bb5 a6 4. Ba4 d6 5. c3 Bd7 6. d3 g6 7. Bg5 Nf6 8. Qd2 Bg7 9. Bh6 0-0 10. Bb3 Bg4 11. h3 Bxf3 12. gxf3 Bxh6 13. Qxh6 Nh5 14. Rg1 Nf4 15. Kd2 Na5 16. Bc2 d5 17. Rg4 Qf6 18. Rh4 Qg7 19. Qg5 f6 20. Qg3 g5 21. Rxf4 exf4 22. Qg4 f5 23. exf5 Qf6 24. b4 Nc6 25. Qh5 d4 26. a3 Rae8 27. Bb3+ Kh8 28. Bd5 dxc3+ 29. Nxc3 Qd4 30. Be4 Qxf2+ 31. Kc1 Qe3+ 32. Kb1 Nd4 33. Ra2 Qe1+ 34. Kb2 Qd2+ 35. Kb1 Qxc3 36. f6 Qe1+ 37. Kb2 Qd2+ 38. Kb1 Qd1+ 39. Kb2 Qc2+ 0-1